| 000 | 00412nam a22001697a 4500 | ||
|---|---|---|---|
| 003 | OSt | ||
| 008 | 220511b ||||| |||| 00| 0 eng d | ||
| 020 | _a978-81-265-3680 | ||
| 082 | _a621.395 SAD | ||
| 100 | _aSHANMUGAM,K.Sam | ||
| 245 | _aDigital and Analog Communications Systems | ||
| 250 | _aRep | ||
| 260 |
_aNew Delhi _bJohn Wiley _c2013 |
||
| 300 | _a600 | ||
| 650 | _a: B.Tech(ECE) | ||
| 942 |
_2ddc _cBK |
||
| 999 |
_c11193 _d11193 |
||